[Event "GRE-chT 50th"]
[Site "Nikaia"]
[Date "2023.08.27"]
[Round "4.3"]
[White "Spyratos, Nikolaos"]
[Black "Androutsopoulos Agiotatos, Vasilios"]
[Result "1/2-1/2"]
[WhiteElo "2067"]
[BlackElo "2101"]
[PlyCount "59"]
[EventDate "2023.08.25"]
[EventType "team"]
[EventRounds "9"]
[EventCountry "GRE"]
[SourceTitle "EXT 2024"]
[Source "ChessBase"]
[SourceDate "2023.10.10"]
[SourceVersion "1"]
[SourceVersionDate "2023.10.10"]
[SourceQuality "1"]
[WhiteTeam "Panionios"]
[BlackTeam "Neapolis Sykeon"]
[WhiteTeamCountry "GRE"]
[BlackTeamCountry "GRE"]

1. e4 e5 2. Nc3 Nf6 3. d4 exd4 4. Qxd4 Nc6 5. Qd3 Bb4 6. Bd2 0-0 7. 0-0-0 Re8 8. Nge2 d6 9. Bg5 h6 10. Bxf6 Qxf6 11. Nd5 Qd8 12. Nxb4 Nxb4 13. Qd2 a5 14. Nc3 Bd7 15. a3 Na6 16. Bxa6 Rxa6 17. a4 Bc6 18. f3 Qg5 19. Qxg5 hxg5 20. h3 f6 21. Rd4 Kf7 22. b3 Re5 23. Kb2 Ra8 24. Rhd1 g6 25. R1d2 Rae8 26. Rc4 R8e7 27. Rcd4 Re8 28. Rc4 R8e7 29. Rcd4 Re8 30. Rc4 1/2-1/2

[Event "Belgrade Serbia op"]
[Site "Belgrade"]
[Date "2023.07.22"]
[Round "7"]
[White "Androutsopoulos Agiotatos, Vasilios"]
[Black "Ravic, Nenad"]
[Result "1/2-1/2"]
[WhiteElo "2121"]
[BlackElo "2210"]
[PlyCount "93"]
[EventDate "2023.07.16"]
[EventType "swiss"]
[EventRounds "9"]
[EventCountry "SRB"]
[SourceTitle "CBM 215 Extra"]
[Source "ChessBase"]
[SourceDate "2023.09.30"]
[SourceVersion "1"]
[SourceVersionDate "2023.09.30"]
[SourceQuality "1"]

1. e4 Nf6 2. e5 Nd5 3. d4 d6 4. Nf3 g6 5. exd6 cxd6 6. Bc4 Nb6 7. Bb3 Bg7 8. 0-0 0-0 9. h3 Nc6 10. c3 e5 11. dxe5 dxe5 12. Qxd8 Rxd8 13. Ng5 Rd7 14. Be3 h6 15. Ne4 Na5 16. Nbd2 Nxb3 17. axb3 Nd5 18. Rxa7 Rxa7 19. Bxa7 b6 20. Ra1 f5 21. c4 Ne7 22. Bxb6 fxe4 23. Nxe4 Kf7 24. b4 Bf8 25. b5 Nf5 26. c5 Rd4 27. f3 Rb4 28. Ra7+ Ke6 29. Rc7 Ne7 30. Kh2 Bd7 31. c6 Bxc6 32. Bc5 Rxb5 33. Bxe7 Bxe4 34. Bxf8 Bd3 35. b4 h5 36. Bc5 Rb8 37. Kg3 Ra8 38. Ba7 Kd6 39. Rg7 Ke6 40. Kf2 Rc8 41. Bc5 Ra8 42. Ba7 Rc8 43. Bc5 Ra8 44. Ra7 Rxa7 45. Bxa7 Kd5 46. Ke3 Bf1 47. Kf2 1/2-1/2

[Event "Belgrade Serbia op"]
[Site "Belgrade"]
[Date "2023.07.19"]
[Round "4"]
[White "Barkasheva, Sofia"]
[Black "Androutsopoulos Agiotatos, Vasilios"]
[Result "0-1"]
[WhiteElo "1636"]
[BlackElo "2121"]
[PlyCount "90"]
[EventDate "2023.07.16"]
[EventType "swiss"]
[EventRounds "9"]
[EventCountry "SRB"]
[SourceTitle "CBM 215 Extra"]
[Source "ChessBase"]
[SourceDate "2023.09.30"]
[SourceVersion "1"]
[SourceVersionDate "2023.09.30"]
[SourceQuality "1"]

1. e4 e5 2. Nf3 Nc6 3. Bb5 a6 4. Ba4 Nf6 5. 0-0 Be7 6. Re1 b5 7. Bb3 0-0 8. c3 d6 9. h3 Bb7 10. d4 Nd7 11. Nbd2 exd4 12. cxd4 Bf6 13. Nf1 Na5 14. Bc2 Re8 15. Bf4 Nf8 16. Ng3 Ne6 17. Bd2 Nc4 18. Bc3 b4 19. Qd3 bxc3 20. Qxc4 cxb2 21. Rab1 d5 22. Qd3 dxe4 23. Nxe4 g6 24. Ba4 Bxe4 25. Qxe4 Re7 26. Qc6 Rb8 27. Red1 Qd6 28. Qxd6 cxd6 29. Bb3 a5 30. Rd2 Reb7 31. Bd5 Rb5 32. Bc6 R5b6 33. Be4 Kg7 34. Kf1 Ng5 35. Nxg5 Bxg5 36. Rc2 Bf6 37. Rc7 Bxd4 38. Bd5 Kh6 39. Rxf7 Rc8 40. Be4 d5 41. Bd3 Re8 42. g4 Rf6 43. Rxf6 Bxf6 44. Bb5 Rc8 45. Bd3 Kg5 0-1

[Event "Belgrade Serbia op"]
[Site "Belgrade"]
[Date "2023.07.17"]
[Round "2"]
[White "Lyutsinger, Iren"]
[Black "Androutsopoulos Agiotatos, Vasilios"]
[Result "1/2-1/2"]
[WhiteElo "1807"]
[BlackElo "2121"]
[PlyCount "72"]
[EventDate "2023.07.16"]
[EventType "swiss"]
[EventRounds "9"]
[EventCountry "SRB"]
[SourceTitle "CBM 215 Extra"]
[Source "ChessBase"]
[SourceDate "2023.09.30"]
[SourceVersion "1"]
[SourceVersionDate "2023.09.30"]
[SourceQuality "1"]

1. e4 e5 2. Nc3 Nf6 3. Bc4 Nc6 4. d3 Na5 5. Bb3 Nxb3 6. axb3 Bc5 7. Nf3 0-0 8. Bg5 h6 9. Bh4 Be7 10. 0-0 d6 11. h3 c6 12. d4 Nh5 13. Bxe7 Qxe7 14. Re1 Qf6 15. Nxe5 dxe5 16. Qxh5 exd4 17. e5 Qg5 18. Qxg5 hxg5 19. Ne4 Bf5 20. Ra4 Rfd8 21. Nd6 Bxc2 22. Rxd4 Bxb3 23. Rb4 Bd5 24. Rxb7 Rdb8 25. Rxb8+ Rxb8 26. Ra1 Rxb2 27. Rxa7 Rb1+ 28. Kh2 Re1 29. Rc7 g6 30. Kg3 Kf8 31. Rc8+ Kg7 32. Rc7 Re2 33. f3 Kf8 34. Rc8+ Kg7 35. Rc7 Kf8 36. Rc8+ Kg7 1/2-1/2

[Event "EU-ch 23rd"]
[Site "Vrnjacka Banja"]
[Date "2023.03.08"]
[Round "6"]
[White "Deveci, Huseyin Said"]
[Black "Androutsopoulos Agiotatos, Vasilios"]
[Result "1/2-1/2"]
[WhiteElo "1913"]
[BlackElo "2161"]
[PlyCount "55"]
[EventDate "2023.03.03"]
[EventType "swiss"]
[EventRounds "11"]
[EventCountry "SRB"]
[SourceTitle "CBM 213"]
[Source "ChessBase"]
[SourceDate "2023.04.30"]
[SourceVersion "1"]
[SourceVersionDate "2023.04.30"]
[SourceQuality "1"]

1. e4 e5 2. Nc3 Nc6 3. Bb5 Nge7 4. Nf3 Ng6 5. d4 Nxd4 6. Nxd4 exd4 7. Qxd4 c6 8. Bc4 Qb6 9. Qxb6 axb6 10. 0-0 b5 11. Be2 Bc5 12. Nd1 h5 13. Be3 Be7 14. f4 d6 15. Bd4 Kf8 16. h3 Bd7 17. Be3 f5 18. Bd3 fxe4 19. Bxe4 Kf7 20. Nf2 Rae8 21. Rae1 Bh4 22. Bd3 Ne7 23. Ne4 Nf5 24. Bf2 Bxf2+ 25. Kxf2 h4 26. Ng5+ Kf6 27. Bxf5 Bxf5 28. c3 1/2-1/2

[Event "EU-ch 23rd"]
[Site "Vrnjacka Banja"]
[Date "2023.03.03"]
[Round "1"]
[White "Androutsopoulos Agiotatos, Vasilios"]
[Black "Blohberger, Felix"]
[Result "0-1"]
[WhiteElo "2161"]
[BlackElo "2493"]
[PlyCount "41"]
[EventDate "2023.03.03"]
[EventType "swiss"]
[EventRounds "11"]
[EventCountry "SRB"]
[SourceTitle "CBM 213"]
[Source "ChessBase"]
[SourceDate "2023.04.30"]
[SourceVersion "1"]
[SourceVersionDate "2023.04.30"]
[SourceQuality "1"]

1. e4 c5 2. Nf3 d6 3. Bb5+ Bd7 4. c4 Nf6 5. Nc3 g6 6. 0-0 Bg7 7. h3 0-0 8. d4 cxd4 9. Qxd4 Nc6 10. Qe3 a6 11. Ba4 Re8 12. Bd2 Be6 13. b3 Nd7 14. Rac1 Nc5 15. Bxc6 bxc6 16. Ne2 a5 17. Rfd1 f6 18. a3 Bd7 19. b4 Na4 20. Qb3 Nb6 21. b5 0-1

[Event "Patras Finest Rapid 1st"]
[Site "Patras"]
[Date "2022.07.03"]
[Round "6"]
[White "Androutsopoulos Agiotatos, Vasilios"]
[Black "Malataras, Gerasimos"]
[Result "1-0"]
[WhiteElo "1849"]
[BlackElo "1752"]
[PlyCount "99"]
[EventDate "2022.07.03"]
[EventType "swiss (rapid)"]
[EventRounds "7"]
[EventCountry "GRE"]
[SourceTitle "EXT 2023"]
[Source "ChessBase"]
[SourceDate "2022.10.05"]
[SourceVersion "1"]
[SourceVersionDate "2022.10.05"]
[SourceQuality "1"]

1. c4 e6 2. Nf3 d5 3. g3 dxc4 4. Bg2 Nc6 5. Qa4 Nf6 6. Ne5 Nd5 7. Nxc6 Qd7 8. Qxc4 Qxc6 9. Qxc6+ bxc6 10. 0-0 Be7 11. Nc3 Rb8 12. b3 0-0 13. Bb2 Ba6 14. d3 h5 15. Rfc1 Bg5 16. Nxd5 cxd5 17. Rxc7 Bb7 18. Bd4 a5 19. Ba7 Bf6 20. Rd1 Be5 21. Bxb8 Rxb8 22. Rc2 Bd6 23. d4 Ra8 24. Rb1 g6 25. e3 Bc8 26. Rc6 Ba3 27. Bf1 Bd7 28. Ra6 Rxa6 29. Bxa6 Kf8 30. f3 Ke7 31. e4 dxe4 32. fxe4 Bc6 33. Bd3 Kd6 34. Kf2 f5 35. Ke3 Bb7 36. Rf1 Kd7 37. Rf2 Bd6 38. Rc2 Bc6 39. a4 Bb7 40. Bb5+ Ke7 41. Bc6 Ba6 42. Ba8 Kd7 43. exf5 exf5 44. Bf3 Bb4 45. Rc6 Bf1 46. Rxg6 Ke7 47. Bxh5 Bg2 48. Bf3 Bh3 49. Ke2 f4 50. g4 1-0

[Event "Patras Finest Rapid 1st"]
[Site "Patras"]
[Date "2022.07.03"]
[Round "4"]
[White "Androutsopoulos Agiotatos, Vasilios"]
[Black "Stefanou, Dimitrios"]
[Result "1-0"]
[WhiteElo "1849"]
[BlackElo "1809"]
[PlyCount "33"]
[EventDate "2022.07.03"]
[EventType "swiss (rapid)"]
[EventRounds "7"]
[EventCountry "GRE"]
[SourceTitle "EXT 2023"]
[Source "ChessBase"]
[SourceDate "2022.10.05"]
[SourceVersion "1"]
[SourceVersionDate "2022.10.05"]
[SourceQuality "1"]

1. e4 d5 2. exd5 Qxd5 3. Nc3 Qd8 4. g3 Nf6 5. Bg2 g6 6. d4 Bg7 7. Nf3 0-0 8. 0-0 Bg4 9. h3 Bxf3 10. Qxf3 c6 11. d5 cxd5 12. Nxd5 Nxd5 13. Qxd5 Nc6 14. Qxd8 Re8 15. Qxa8 Rxa8 16. c3 Rd8 17. Be3 1-0

[Event "GRE-chT Cup Final"]
[Site "Thessaloniki"]
[Date "2021.12.19"]
[Round "3.2"]
[White "Banikas, Hristos"]
[Black "Androutsopoulos Agiotatos, Vasilios"]
[Result "1-0"]
[WhiteElo "2589"]
[BlackElo "2135"]
[PlyCount "59"]
[EventDate "2021.12.18"]
[EventType "team-k.o."]
[EventRounds "5"]
[EventCountry "GRE"]
[SourceTitle "CBM 205 Extra"]
[Source "ChessBase"]
[SourceDate "2022.01.31"]
[SourceVersion "1"]
[SourceVersionDate "2022.01.31"]
[SourceQuality "1"]
[WhiteTeam "Skakistiki Epikoinonia"]
[BlackTeam "Amo Galaxias"]
[WhiteTeamCountry "GRE"]
[BlackTeamCountry "GRE"]

1. Nf3 Nf6 2. c4 g6 3. g3 Bg7 4. Bg2 0-0 5. 0-0 d5 6. d4 Nc6 7. Nbd2 a5 8. b3 a4 9. Ba3 dxc4 10. Nxc4 axb3 11. axb3 Be6 12. e3 Bd5 13. Qc2 Ra6 14. Bb2 Be4 15. Qe2 Rxa1 16. Rxa1 Bd5 17. Ncd2 Ne4 18. Qb5 f5 19. Nxe4 fxe4 20. Ng5 e5 21. Ra8 Qxa8 22. Qxd5+ Kh8 23. Nf7+ Rxf7 24. Qxf7 exd4 25. Bxe4 Qg8 26. Qxg8+ Kxg8 27. Bxc6 bxc6 28. Bxd4 Bxd4 29. exd4 Kf7 30. f4 1-0

[Event "GRE-chT Cup Final"]
[Site "Thessaloniki"]
[Date "2021.12.19"]
[Round "5.1"]
[White "Banikas, Hristos"]
[Black "Androutsopoulos Agiotatos, Vasilios"]
[Result "1-0"]
[WhiteElo "2589"]
[BlackElo "2135"]
[PlyCount "85"]
[EventDate "2021.12.18"]
[EventType "team-k.o."]
[EventRounds "5"]
[EventCountry "GRE"]
[SourceTitle "CBM 205 Extra"]
[Source "ChessBase"]
[SourceDate "2022.01.31"]
[SourceVersion "1"]
[SourceVersionDate "2022.01.31"]
[SourceQuality "1"]
[WhiteTeam "Skakistiki Epikoinonia"]
[BlackTeam "Amo Galaxias"]
[WhiteTeamCountry "GRE"]
[BlackTeamCountry "GRE"]

1. Nf3 Nf6 2. c4 g6 3. Nc3 Bg7 4. e4 d6 5. d4 0-0 6. Be2 e5 7. 0-0 Na6 8. Re1 c6 9. Be3 Ng4 10. Bg5 Qe8 11. h3 Nf6 12. Bf1 h6 13. Be3 Nh5 14. Qd2 Kh7 15. dxe5 dxe5 16. c5 Be6 17. Rad1 f5 18. exf5 gxf5 19. Bxa6 bxa6 20. Qd6 Qg6 21. Bc1 e4 22. Ne5 Bxe5 23. Qxe5 Rg8 24. g3 Raf8 25. Rd6 Rf6 26. Bf4 Nxf4 27. Qxf4 Rg7 28. Rxc6 Bc4 29. Rxf6 Qxf6 30. Rxe4 Bd3 31. Re3 Bc2 32. Re2 Bd3 33. Rd2 Bb5 34. Rd6 Qg5 35. Qxg5 hxg5 36. Nxb5 axb5 37. c6 Rg8 38. Rd7+ Kg6 39. Rxa7 Rc8 40. c7 Kf6 41. Rb7 Ke6 42. Kg2 Kd6 43. Rxb5 1-0

[Event "GRE-chT2 48th"]
[Site "Thessaloniki"]
[Date "2021.10.08"]
[Round "5.1"]
[White "Koutlas, Nikolaos"]
[Black "Androutsopoulos Agiotatos, Vasilios"]
[Result "0-1"]
[WhiteElo "2337"]
[BlackElo "2123"]
[PlyCount "72"]
[EventDate "2021.10.05"]
[EventType "team-swiss"]
[EventRounds "7"]
[EventCountry "GRE"]
[SourceTitle "CBM 204 Extra"]
[Source "ChessBase"]
[SourceDate "2021.11.30"]
[SourceVersion "1"]
[SourceVersionDate "2021.11.30"]
[SourceQuality "1"]
[WhiteTeam "Kavalas"]
[BlackTeam "Galaxias"]
[WhiteTeamCountry "GRE"]
[BlackTeamCountry "GRE"]

1. d4 Nf6 2. c4 g6 3. Nc3 Bg7 4. e4 d6 5. h3 Nbd7 6. Be3 e5 7. d5 Nc5 8. Qc2 a5 9. g4 h5 10. g5 Nfd7 11. h4 Nb6 12. Bh3 0-0 13. b3 f6 14. gxf6 Qxf6 15. Bxc8 Raxc8 16. 0-0-0 a4 17. Nh3 axb3 18. axb3 c6 19. dxc6 Rxc6 20. Rhg1 Rfc8 21. Bxc5 Rxc5 22. Rg3 Bh6+ 23. Kb1 Kh7 24. Qd3 R5c6 25. Ng5+ Bxg5 26. hxg5 Qe7 27. Rf3 Rf8 28. Qe3 Rxf3 29. Qxf3 Kg7 30. Qe3 Qf7 31. Nb5 Nxc4 32. bxc4 Qxc4 33. Na3 Qb4+ 34. Ka2 Rc3 35. Qxc3 Qxc3 36. Rxd6 h4 0-1

[Event "FIDE World Uni Blitz-C 1st"]
[Site "Tornelo INT"]
[Date "2021.03.13"]
[Round "3.10"]
[White "Androutsopoulos Agiotatos, Vasilios"]
[Black "Bilguun, Sumiya"]
[Result "0-1"]
[WhiteElo "2144"]
[BlackElo "2454"]
[PlyCount "122"]
[EventDate "2021.03.13"]
[EventType "swiss (blitz)"]
[EventRounds "10"]
[EventCountry "NET"]
[SourceTitle "EXT 2022"]
[Source "ChessBase"]
[SourceDate "2021.10.06"]
[SourceVersion "1"]
[SourceVersionDate "2021.10.06"]
[SourceQuality "1"]

1. e4 c5 2. Nf3 e6 3. c3 d5 4. exd5 Qxd5 5. d4 Nf6 6. Na3 cxd4 7. Nb5 Na6 8. Nbxd4 Be7 9. Qa4+ Bd7 10. Bb5 Qe4+ 11. Be3 Nc5 12. Bxd7+ Nfxd7 13. Qc2 Qxc2 14. Nxc2 Nd3+ 15. Ke2 Nxb2 16. Rab1 Na4 17. Rxb7 Nxc3+ 18. Kd2 Ne4+ 19. Ke2 Nec5 20. Rc7 Kd8 21. Rc6 Rc8 22. Ncd4 Bf6 23. Rc1 Ke7 24. Rxc8 Rxc8 25. Nb3 Kd6 26. Nfd2 Be7 27. Nxc5 Nxc5 28. Bxc5+ Rxc5 29. Ne4+ Kd5 30. Nxc5 Bxc5 31. f3 f5 32. Kd3 e5 33. Re1 g6 34. g4 h5 35. h3 hxg4 36. hxg4 Bd4 37. Re2 Bc5 38. gxf5 gxf5 39. Re1 Bb6 40. Re2 Bd4 41. Rh2 e4+ 42. fxe4+ fxe4+ 43. Kc2 Bb6 44. Kc3 Ba5+ 45. Kc2 Kd4 46. Rh7 Bb6 47. Rd7+ Ke3 48. Re7 Kf3 49. a4 Bc5 50. Re6 Ke3 51. Kc3 Bb6 52. Kc4 Kf4 53. a5 Bxa5 54. Kd5 e3 55. Kd4 Bb6+ 56. Kd3 Kf3 57. Rf6+ Kg4 58. Rg6+ Kf5 59. Rg8 Ke5 60. Re8+ Kd5 61. Rd8+ Bxd8 0-1

[Event "FIDE World Uni Blitz-C 1st"]
[Site "Tornelo INT"]
[Date "2021.03.13"]
[Round "4.35"]
[White "Vildosola Canales, Melany Selena"]
[Black "Androutsopoulos Agiotatos, Vasilios"]
[Result "1/2-1/2"]
[WhiteElo "1632"]
[BlackElo "2144"]
[PlyCount "149"]
[EventDate "2021.03.13"]
[EventType "swiss (blitz)"]
[EventRounds "10"]
[EventCountry "NET"]
[SourceTitle "EXT 2022"]
[Source "ChessBase"]
[SourceDate "2021.10.06"]
[SourceVersion "1"]
[SourceVersionDate "2021.10.06"]
[SourceQuality "1"]

1. e4 e5 2. Nf3 Nc6 3. Bc4 Nf6 4. 0-0 Bc5 5. c3 Bb6 6. d4 d6 7. dxe5 dxe5 8. Qxd8+ Nxd8 9. Nxe5 Nxe4 10. Bf4 Ne6 11. Bg3 0-0 12. Nd3 Bd7 13. Bd5 Bc6 14. Bxc6 bxc6 15. Re1 Rfd8 16. Nb4 Nxg3 17. hxg3 Rd6 18. Na3 Rd2 19. Rf1 Rxb2 20. Nxc6 Nc5 21. Nc4 Rc2 22. Rfc1 Re2 23. Re1 Rae8 24. Rxe2 Rxe2 25. Rd1 g6 26. Nxb6 axb6 27. Nb4 Ne6 28. Rd7 Kf8 29. Kf1 Rb2 30. Rd3 Kg7 31. Rd7 h5 32. Kg1 Kf8 33. Kh2 Ke8 34. Rd5 Rxf2 35. Kh3 Rb2 36. Re5 Ke7 37. g4 Kf6 38. Re4 hxg4+ 39. Kxg4 Rxg2+ 40. Kf3 Rg1 41. Kf2 Rc1 42. Nd5+ Kg7 43. Re2 c6 44. Ne7 Rxc3 45. Nc8 b5 46. Nd6 b4 47. Kg1 b3 48. axb3 Rxb3 49. Rf2 f5 50. Rc2 c5 51. Ne8+ Kf7 52. Nd6+ Kf6 53. Nc4 f4 54. Nd2 Ke5 55. Nxb3 g5 56. Nxc5 Nd4 57. Rc1 g4 58. Re1+ Kf5 59. Nd3 Nf3+ 60. Kf2 Nxe1 61. Nxe1 Ke4 62. Kg2 Ke3 63. Nc2+ Kd3 64. Ne1+ Ke2 65. Nc2 f3+ 66. Kg3 f2 67. Nd4+ Ke3 68. Nc2+ Ke2 69. Nd4+ Kf1 70. Kxg4 Kg1 71. Nf3+ Kg2 72. Nd2 Kh2 73. Kf3 Kg1 74. Ke3 f1Q 75. Nxf1 1/2-1/2

[Event "GRE-chT Online Rapid op 1st"]
[Site "Tornelo INT"]
[Date "2021.02.21"]
[Round "8.4"]
[White "Anastasopoulos, Spyros"]
[Black "Androutsopoulos Agiotatos, Vasilios"]
[Result "0-1"]
[WhiteElo "2070"]
[BlackElo "2144"]
[PlyCount "80"]
[EventDate "2021.02.20"]
[EventType "team-swiss (rapid)"]
[EventRounds "9"]
[EventCountry "GRE"]
[SourceTitle "EXT 2023"]
[Source "ChessBase"]
[SourceDate "2022.10.05"]
[SourceVersion "1"]
[SourceVersionDate "2022.10.05"]
[SourceQuality "1"]

1. e4 e5 2. Nf3 Nc6 3. Bb5 a6 4. Ba4 Nf6 5. 0-0 b5 6. Bb3 Be7 7. d3 0-0 8. Re1 d6 9. c3 Nd7 10. Nbd2 Nb6 11. Nf1 a5 12. d4 a4 13. Bd5 Nxd5 14. exd5 Na5 15. dxe5 dxe5 16. Nxe5 Bb7 17. Ne3 Bc5 18. Nf5 Qxd5 19. Qg4 g6 20. Bh6 Rfe8 21. Bf4 Bf8 22. Nd4 Nc4 23. Nxc4 Qxc4 24. Qd7 Rxe1+ 25. Rxe1 a3 26. b3 Qxc3 27. Rc1 Qd3 28. Be3 Qe4 29. Nc6 Bxc6 30. Qxc6 Qxc6 31. Rxc6 Bd6 32. g3 f5 33. Bb6 Ra6 34. Rxc7 Rxb6 35. Rc8+ Kg7 36. Kg2 Be7 37. Rc7 Kf7 38. Kf3 b4 39. h4 Rd6 40. Rc4 Rd2 0-1

[Event "GRE-chT Online Rapid op 1st"]
[Site "Tornelo INT"]
[Date "2021.02.21"]
[Round "6.4"]
[White "Androutsopoulos Agiotatos, Vasilios"]
[Black "Avgoustis, Panagiotis"]
[Result "1/2-1/2"]
[WhiteElo "2144"]
[BlackElo "1995"]
[PlyCount "116"]
[EventDate "2021.02.20"]
[EventType "team-swiss (rapid)"]
[EventRounds "9"]
[EventCountry "GRE"]
[SourceTitle "EXT 2023"]
[Source "ChessBase"]
[SourceDate "2022.10.05"]
[SourceVersion "1"]
[SourceVersionDate "2022.10.05"]
[SourceQuality "1"]

1. e4 c5 2. Nf3 d6 3. d4 cxd4 4. Nxd4 Nf6 5. Nc3 a6 6. Be2 e5 7. Nf3 Be7 8. Bg5 Be6 9. Bxf6 Bxf6 10. Nd5 Nd7 11. Bc4 0-0 12. 0-0 Rc8 13. Bb3 Bxd5 14. Bxd5 Qc7 15. c3 Nb6 16. Qd3 Rfd8 17. Rfd1 Rd7 18. g3 Qc5 19. h4 h6 20. Kg2 Bd8 21. Bb3 Bf6 22. Nh2 Rcd8 23. Ng4 Be7 24. Ne3 Bf8 25. a4 a5 26. Nd5 Nxd5 27. Qxd5 b6 28. Rd3 Qxd5 29. Bxd5 g6 30. h5 Kg7 31. hxg6 fxg6 32. Ra3 Be7 33. Rb3 Rb8 34. Rb5 Rc7 35. b4 Ra7 36. Bb3 Rab7 37. Rdd5 axb4 38. cxb4 Rd7 39. a5 Rdb7 40. Ba4 Kf6 41. Kf3 Ke6 42. Ke2 Bd8 43. Bb3 Ke7 44. axb6 Rxb6 45. Bc4 Rxb5 46. Rxb5 Rxb5 47. Bxb5 Bb6 48. Bc6 Kf6 49. Kf3 Bd4 50. Kg2 Kg5 51. f3 h5 52. Kh3 Bf2 53. Be8 Be1 54. b5 Bf2 55. Bf7 Bb6 56. Be8 Bf2 57. Bf7 Bb6 58. Be8 Bf2 1/2-1/2

[Event "GRE-chT Online Rapid op 1st"]
[Site "Tornelo INT"]
[Date "2021.02.21"]
[Round "9.3"]
[White "Androutsopoulos Agiotatos, Vasilios"]
[Black "Marinakis, Hristos"]
[Result "1/2-1/2"]
[WhiteElo "2144"]
[BlackElo "2074"]
[PlyCount "261"]
[EventDate "2021.02.20"]
[EventType "team-swiss (rapid)"]
[EventRounds "9"]
[EventCountry "GRE"]
[SourceTitle "EXT 2023"]
[Source "ChessBase"]
[SourceDate "2022.10.05"]
[SourceVersion "1"]
[SourceVersionDate "2022.10.05"]
[SourceQuality "1"]

1. e4 e5 2. Nf3 Nc6 3. Bb5 a6 4. Ba4 Nf6 5. d3 d6 6. c3 g6 7. 0-0 Bg7 8. Nbd2 0-0 9. Re1 b5 10. Bc2 Bb7 11. a4 Nb8 12. b4 Nbd7 13. Nb3 c5 14. Bd2 Qc7 15. Na5 Rfe8 16. Qb1 Rab8 17. Nxb7 Qxb7 18. Qa2 cxb4 19. cxb4 Nf8 20. Bb3 Ne6 21. axb5 axb5 22. Qa7 Nf4 23. Qxb7 Rxb7 24. d4 Nd3 25. Re3 Nf4 26. g3 exd4 27. Ree1 Nd3 28. Re2 Ng4 29. Ra6 Rd7 30. h3 Nf6 31. Nxd4 Nxe4 32. Rxe4 Rc8 33. Nxb5 d5 34. Re2 Rb8 35. Ra5 Bf6 36. Nc3 Nxb4 37. Na4 Kg7 38. Nc5 Rc7 39. Kg2 Rc6 40. Bxb4 Rxb4 41. Bxd5 Rd6 42. Bf3 Rc4 43. Ne4 Re6 44. Nxf6 Rxf6 45. Ra7 Rd4 46. Rae7 h5 47. h4 Kg8 48. R7e3 Kg7 49. Ra2 Rd7 50. Rb3 Rc7 51. Rb7 Rc3 52. Bd5 Rd3 53. Bb3 Rdf3 54. Rb2 Rc3 55. Rb4 Rcf3 56. Bd5 Rd3 57. Be4 Rdd6 58. Bf3 Rd3 59. Rf4 Rxf4 60. gxf4 Rd4 61. Kg3 Rc4 62. Rb7 Rd4 63. Bg2 Rd3+ 64. f3 Rd1 65. Rb5 Kf6 66. Rb6+ Kg7 67. Rb2 Kf6 68. Bh3 Rg1+ 69. Rg2 Rc1 70. Kf2 Rc4 71. Ke3 Rc3+ 72. Ke4 Rc4+ 73. Ke3 Rc3+ 74. Ke2 Rc4 75. f5 Rxh4 76. fxg6 fxg6 77. Bc8 Rc4 78. Bh3 g5 79. Kf2 g4 80. fxg4 hxg4 81. Bxg4 Ke5 82. Be2 Rf4+ 83. Kg3 Re4 84. Bf3 Re3 85. Rh2 Ra3 86. Rh5+ Kf6 87. Kf4 Ra4+ 88. Be4 Ra1 89. Rh6+ Kg7 90. Rb6 Ra5 91. Bf5 Kf7 92. Rb4 Kf6 93. Be4 Ra6 94. Rb8 Ra5 95. Rh8 Kg7 96. Rh7+ Kf6 97. Rh6+ Kg7 98. Rd6 Kf7 99. Bf5 Ke7 100. Rc6 Kf7 101. Kg5 Ke7 102. Rc7+ Kd6 103. Rd7+ Kc6 104. Re7 Ra1 105. Kf6 Kc5 106. Ke5 Re1+ 107. Be4 Rd1 108. Rc7+ Kb4 109. Rb7+ Kc5 110. Rb2 Kc4 111. Rc2+ Kb3 112. Rc7 Kb4 113. Bd5 Kb5 114. Kd6 Kb4 115. Rc4+ Kb5 116. Rc5+ Kb4 117. Kc6 Rg1 118. Rc4+ Ka5 119. Kc5 Rb1 120. Rc2 Rb5+ 121. Kd6 Rb4 122. Bc4 Kb6 123. Bd5 Ka5 124. Kc5 Rb5+ 125. Kc4 Rb4+ 126. Kc3 Ra4 127. Rb2 Rh4 128. Bc4 Rh3+ 129. Bd3 Rh4 130. Rb5+ Ka4 131. Rb6 1/2-1/2

[Event "GRE-chT Online Rapid op 1st"]
[Site "Tornelo INT"]
[Date "2021.02.20"]
[Round "1.8"]
[White "Nikolaou, Sofia"]
[Black "Androutsopoulos Agiotatos, Vasilios"]
[Result "0-1"]
[WhiteElo "1213"]
[BlackElo "2144"]
[PlyCount "48"]
[EventDate "2021.02.20"]
[EventType "team-swiss (rapid)"]
[EventRounds "9"]
[EventCountry "GRE"]
[SourceTitle "EXT 2023"]
[Source "ChessBase"]
[SourceDate "2022.10.05"]
[SourceVersion "1"]
[SourceVersionDate "2022.10.05"]
[SourceQuality "1"]

1. d4 Nf6 2. c4 g6 3. Bg5 Bg7 4. Nf3 0-0 5. e3 d6 6. Be2 Nbd7 7. Nc3 b6 8. 0-0 Bb7 9. Rc1 e6 10. b3 h6 11. Bh4 Qe7 12. h3 a6 13. Re1 Rac8 14. Qc2 Rfd8 15. Nh2 Nf8 16. Ng4 g5 17. Bg3 N6h7 18. Bd3 h5 19. Bxh7+ Nxh7 20. Bxd6 cxd6 21. Nh2 Ba8 22. Ne4 d5 23. Nd2 dxc4 24. Nxc4 b5 0-1

[Event "GRE-chT Online Rapid op 1st"]
[Site "Tornelo INT"]
[Date "2021.02.20"]
[Round "3.6"]
[White "Sidiropoulos, Vasilis"]
[Black "Androutsopoulos Agiotatos, Vasilios"]
[Result "0-1"]
[WhiteElo "1680"]
[BlackElo "2144"]
[PlyCount "80"]
[EventDate "2021.02.20"]
[EventType "team-swiss (rapid)"]
[EventRounds "9"]
[EventCountry "GRE"]
[SourceTitle "EXT 2023"]
[Source "ChessBase"]
[SourceDate "2022.10.05"]
[SourceVersion "1"]
[SourceVersionDate "2022.10.05"]
[SourceQuality "1"]

1. e4 e5 2. Nf3 Nc6 3. Bb5 Nge7 4. d4 exd4 5. Nxd4 g6 6. Nxc6 Nxc6 7. Bxc6 bxc6 8. Qd4 f6 9. Nc3 Bg7 10. Qc4 Qe7 11. Be3 Qf7 12. Qb4 d6 13. Bxa7 0-0 14. Be3 c5 15. Qb5 Ba6 16. Qc6 Bc4 17. Nd5 f5 18. c3 fxe4 19. Nf4 Rab8 20. Qxe4 Rxb2 21. Rc1 d5 22. Qe6 Re8 23. Qxf7+ Kxf7 24. Kd1 Bxa2 25. Ra1 Bxc3 26. Kc1 d4 27. Nd3 Re2 28. Kd1 Bxa1 29. Kxe2 Bc3 30. Rc1 Bc4 31. Rc2 c6 32. Rc1 Kf6 33. Rc2 g5 34. Rc1 h6 35. Rc2 Kg6 36. Rc1 Kg7 37. Rc2 Re7 38. Rc1 Bb5 39. Rc2 c4 40. Rxc3 cxd3+ 0-1

[Event "Paleochora op 13th"]
[Site "Paleochora"]
[Date "2020.07.23"]
[Round "7"]
[White "Bulmaga, Irina"]
[Black "Androutsopoulos Agiotatos, Vasilios"]
[Result "1-0"]
[WhiteElo "2440"]
[BlackElo "2176"]
[PlyCount "83"]
[EventDate "2020.07.18"]
[EventType "swiss"]
[EventRounds "9"]
[EventCountry "GRE"]
[SourceTitle "EXT 2021"]
[Source "ChessBase"]
[SourceDate "2020.10.23"]
[SourceVersion "1"]
[SourceVersionDate "2020.10.23"]
[SourceQuality "1"]

1. e4 e5 2. Nf3 Nc6 3. Bb5 a6 4. Ba4 Nf6 5. d4 exd4 6. 0-0 Be7 7. e5 Ne4 8. Re1 Nc5 9. Bxc6 dxc6 10. Nxd4 0-0 11. Nc3 Re8 12. f4 Ne6 13. Nf3 Qxd1 14. Rxd1 Nf8 15. Be3 Bg4 16. Kf2 h5 17. h3 Bd7 18. Rg1 h4 19. g4 hxg3+ 20. Rxg3 Bf5 21. Rag1 g6 22. h4 Ne6 23. h5 Kg7 24. hxg6 fxg6 25. Ne2 c5 26. Rxg6+ Kf7 27. Rh6 Rh8 28. Rxh8 Rxh8 29. Ng3 Ng7 30. Nxf5 Nxf5 31. c3 Rh3 32. Ke2 Ng3+ 33. Kd2 Ne4+ 34. Kd3 Nf2+ 35. Ke2 Ne4 36. c4 Ng3+ 37. Kd2 Nf5 38. Ng5+ Bxg5 39. Rxg5 Ng7 40. Bxc5 Rh2+ 41. Kd3 Rxb2 42. f5 1-0